01193nac a22003497a 4500001001000000003000900010005001700019008003400036040005400070072000800124090001900132100002100151100001900172100002000191100001900211100001800230100001700248110005400265245006400319260003900383300000900422490008500431500001200516650001100528650002900539650002600568650002000594909004700614942001700661999001900678952014600697BR0803135BR-BrBNA20240105123542.0230509b bl.|||m| |||| 00| 0 por d aBR-BrBNAbporcBiblioteca Nacional de Agricultura aL70 a6100 BR08031351 aJaenisch, F.R.F.1 aColdebella, A.1 aMachado, H.G.P.1 aAbreu, P.G. de1 aAbreu, V.M.N.1 aSantiago, V.1 aEMBRAPA Suínos e Aves, Concórdia, SC (Brasil)1 aImportância da higienização na produção avícola3 aConcórdia, SC (Brasil): c2004.  a5 p. aComunicado Técnico - EMBRAPA Suínos e Aves (Brazil)vno. 363xISSN 0100-8862 a13 ref. aFRANGO aINSPEÇÃO SANITÁRIA aHIGIENE VETERINÁRIA aDESINFECÇÃO a202312bLúcia Elandec55dLúcia Elande 2AGRISn0cMS c295965d295965 002AGRIS40708Acervo Gerala41918b41918cAGROBASEl0o6100 BR0803135p6100 BR0803135r2023-12-18yMSePortaria Interministerial nº 164/94